Nemám z toho strach Minister zdravotníctva Ľubomír Javorský v rozhovore pre Pravdu:

Bibliographic Details
Main Authors: Javorský, Ľubomír, 1949-2005 (Author), Lauková, Eva (Author)
Format: Article
Language:Slovak
PhysicalDescription:Fotogr. 1
Subjects:

MARC

LEADER 00000nab a2200000 a 4500
001 vtls000610620
003 SK-MaSNL
005 20260304181752.0
008 160401c1997 xo 0 slo
015 |a SNBRB19rr/mm-uuuuu 
035 |a CL0610759 
040 |a SNKBUCL  |b slo  |c SNKBUCL  |e AACR2 
041 0 |a slo 
044 |a xo  |c SK 
080 |a 354.53(437.6)  |2 1981 
100 1 |a Javorský, Ľubomír,  |d 1949-2005  |4 aut 
245 1 0 |a Nemám z toho strach  |b Minister zdravotníctva Ľubomír Javorský v rozhovore pre Pravdu:  |c Ľubomír Javorský, Eva Lauková 
300 |b Fotogr. 1 
610 1 7 |a Slovensko.  |b Ministerstvo zdravotníctva  |2 snkbucl  |9 120432 
655 7 |a články z novín a časopisov  |2 snkbucl  |9 267496 
700 1 |a Lauková, Eva  |4 aut  |9 599049 
773 0 |t Pravda  |g Roč. 7, č. 22 (28. 1. 1997), s. 1 a 4 
850 |a Slovenská národná knižnica v Martine  |a MTA001 
852 |a SNK  |b KIS3GCP 
958 |a SK 
958 |a RK 
958 |a RBX 
999 |c 3025837  |d 3027767